<The> Composition of Fiscal Adjustment and Growth Lessons from Fiscal Reforms in Eight Economies
Enregistré dans:
| Auteur principal: | |
|---|---|
| Autres auteurs: | , |
| Format: | Livre |
| Langue: | anglais |
| Publié: |
Washington
International Monetary Fund
1997
|
| Édition: | 1. ed. |
| Collection: | Occasional paper
no. 149 |
| Sujets: | |
| Tags: |
Pas de tags, Soyez le premier à ajouter un tag!
|
MARC
| LEADER | 00000nam a2200000 4500 | ||
|---|---|---|---|
| 001 | c021414 | ||
| 005 | 20221129110130.6 | ||
| 020 | |a 1-55775-629-5 | ||
| 041 | 0 | |a eng | |
| 044 | |a US | ||
| 245 | 1 | 0 | |a <The> Composition of Fiscal Adjustment and Growth |b Lessons from Fiscal Reforms in Eight Economies |c George A. Mackenzie, David W.H. Orsmond, Philip R. Gerson |
| 250 | |a 1. ed. | ||
| 264 | 1 | |a Washington |b International Monetary Fund |c 1997 | |
| 300 | |a 72 s. | ||
| 490 | 1 | |a Occasional paper |v no. 149 | |
| 830 | 0 | |a Occasional paper |v no. 149 | |
| 610 | 2 | 0 | |a politika fiškálna |
| 610 | 2 | 0 | |a politika finančná |
| 610 | 2 | 0 | |a reformy |
| 610 | 2 | 0 | |a rast hospodársky |
| 610 | 2 | 0 | |a sektor verejný |
| 610 | 2 | 0 | |a adaptácia |
| 610 | 2 | 0 | |a služby verejné |
| 610 | 2 | 0 | |a financovanie |
| 610 | 2 | 0 | |a výdavky verejné |
| 610 | 2 | 0 | |a systémy daňové |
| 610 | 2 | 0 | |a administratíva |
| 610 | 2 | 0 | |a porovnanie medzinárodné |
| 610 | 2 | 0 | |a politika hospodárska |
| 610 | 2 | 0 | |a Bangladéš |
| 610 | 2 | 0 | |a Ghana |
| 610 | 2 | 0 | |a India |
| 610 | 2 | 0 | |a Mexiko |
| 610 | 2 | 0 | |a Maroko |
| 610 | 2 | 0 | |a Senegal |
| 610 | 2 | 0 | |a Thajsko |
| 610 | 2 | 0 | |a Čile |
| 100 | 1 | |a Mackenzie, George A. | |
| 700 | 1 | |a Orsmond, David W.H. | |
| 700 | 1 | |a Gerson, Philip R. | |